Statystyki dla Paszporty Według Zdjęć

Kliknij tutaj aby rozwiązać quiz!

Ogólne statystyki

  • Ten quiz został rozwiązany 209 razy
  • Średni wynik to 8 z 15

Statystyki odpowiedzi

Odpowiedź% Poprawnych
Polska
96%
Kosowo
79%
Iran
75%
Izrael
69%
Korea Południowa
66%
Mongolia
64%
Chiny
60%
Stany Zjednoczone
59%
Indie
54%
Etiopia
38%
Francja
38%
Zjednoczone Królestwo
34%
Włochy
31%
Armenia
15%
Nowa Zelandia
15%

Rozkład punktacji

Percentyl według liczby udzielonych odpowiedzi

Procent ludzi z każdym wynikiem

Twoja historia wyników

Nie rozwiązałeś tego quizu